Statistiques concernant Pays du monde disparaissant sur la carte

Cliquez ici pour prendre le quiz!

Statistiques générales

  • Ce quiz a été pris 1 714 fois
  • Le résultat moyen est 166 sur 196

Réponses sur la Carte

Les réponses sont colorées sur une échelle allant du rouge au vert en fonction du pourcentage des utilisateurs qui les ont devinées à leur premier essai. Vous pouvez retrouver ces pourcentages ci-dessous.
 

Statistiques - réponses

Pays% Correct
Etats-Unis
98%
Brésil
97%
Canada
97%
Chine
96%
France
96%
Mexique
96%
Russie
96%
Argentine
95%
Chili
95%
Espagne
95%
Algérie
94%
Allemagne
94%
Australie
94%
Inde
94%
Irlande
94%
Portugal
94%
Royaume-Uni
94%
Suède
94%
Afrique du sud
93%
Danemark
93%
Finlande
93%
Italie
93%
Japon
93%
Maroc
93%
Norvège
93%
Pologne
93%
Turquie
93%
Arabie saoudite
92%
Belgique
92%
Bolivie
92%
Colombie
92%
Estonie
92%
Islande
92%
Pérou
92%
République démocratique du Congo
92%
Suisse
92%
Tunisie
92%
Ukraine
92%
Uruguay
92%
Corée du Nord
91%
Corée du Sud
91%
Cuba
91%
Egypte
91%
Grèce
91%
Lituanie
91%
Madagascar
91%
Mongolie
91%
Nouvelle-Zélande
91%
Paraguay
91%
Pays-Bas
91%
Roumanie
91%
Venezuela
91%
Autriche
90%
Biélorussie
90%
Croatie
90%
Indonésie
90%
Iran
90%
Lettonie
90%
Libye
90%
Albanie
89%
Congo
89%
Equateur
89%
Irak
89%
Kazakhstan
89%
Mali
89%
Panama
89%
Soudan
89%
Vietnam
89%
Yemen
89%
Hongrie
88%
Israel
88%
Luxembourg
88%
Niger
88%
Pakistan
88%
Slovaquie
88%
Afghanistan
87%
Macédoine
87%
Nigeria
87%
Ouzbekistan
87%
République Tchèque
87%
Sénégal
87%
Serbie
87%
Slovénie
87%
Thailande
87%
Bulgarie
86%
Chypre
86%
Guinée
86%
Guyana
86%
Kosovo
86%
Oman
86%
Somalie
86%
Syrie
86%
Andorre
85%
Haiti
85%
Laos
85%
Malte
85%
Moldavie
85%
Monaco
85%
Montenegro
85%
Suriname
85%
Arménie
84%
Bosnie Herzégovine
84%
Cambodge
84%
Costa Rica
84%
Emirats Arabes Unis
84%
Ethiopie
84%
Honduras
84%
Liechtenstein
84%
Mauritanie
84%
Népal
84%
Qatar
84%
Soudan du sud
84%
Vatican
84%
Cameroun
83%
Côte d'Ivoire
83%
Guatemala
83%
Jamaïque
83%
Jordanie
83%
Kenya
83%
Malaisie
83%
Nicaragua
83%
Papouasie Nouvelle-Guinée
83%
Philippines
83%
Saint Marin
83%
Sri Lanka
83%
Tchad
83%
Togo
83%
Turkménistan
83%
Zambie
83%
Zimbabwe
83%
Angola
82%
Birmanie
82%
Liban
82%
République Dominicaine
82%
Taiwan
82%
Azerbaidjan
81%
Cap Vert
81%
Georgie
81%
Ghana
81%
Koweït
81%
Lesotho
81%
Namibie
81%
Salvador
81%
Tadjikistan
81%
Tanzanie
81%
Bahamas
80%
Bangladesh
80%
Belize
80%
Bénin
79%
Bhoutan
79%
Botswana
79%
Erythrée
79%
Fidji
79%
Guinée Equatoriale
79%
Mozambique
79%
Seychelles
79%
Burkina Faso
78%
Centrafrique
78%
Gabon
78%
Gambie
78%
Guinée-Bissau
78%
Kirghizistan
78%
Liberia
78%
Ouganda
78%
Djibouti
77%
Eswatini
77%
Maldives
77%
Rwanda
77%
Maurice
76%
Comores
75%
Micronésie
75%
Sierra Leone
75%
Bahreïn
74%
Burundi
74%
Malawi
74%
São Tomé et Príncipe
74%
Barbade
73%
Dominique
73%
Sainte Lucie
73%
Tonga
73%
Saint Vincent
72%
Salomon
72%
Antigua et Barbuda
71%
Kiribati
71%
Samoa
71%
Singapour
71%
Trinité et Tobago
71%
Tuvalu
71%
Vanuatu
71%
Brunei
70%
Palaos
69%
Timor oriental
69%
Grenade
68%
Nauru
68%
Saint Christophe
68%
Marshall
66%

Distribution des résultats

Percentile par nombre de réponses

% des personnes avec chaque résultat

Votre développement - résultats

Vous n’avez pas pris ce quiz